000044297 001 __ 44297
000044297 005 __ 20241029105214.0
000044297 024 8_ $9 worpapuab $9 scholar $9 primocentral $9 driver $a oai:ddd.uab.cat:44297
000044297 041 __ $a spa
000044297 080 __ $a 79
000044297 100 1_ $a Cayuela Maldonado, M. José
000044297 245 10 $a Los efectos sociales del deporte : $b ocio, integración, socialización, violencia y educación
000044297 260 __ $b Centre d'Estudis Olímpics $c 1997
000044297 300 __ $a 21 p.
000044297 520 3_ $a Documento de trabajo que muestra una aproximación multidisciplinaria de las ciencias sociales al fenómeno del deporte. Es una reflexión sobre la dimensión social del deporte, desde los efectos que este produce en las formas de vida humana: integración, socialización o violencia. Se analiza también el papel del deporte como instrumento de educación.
000044297 520 3_ $a Document de treball que mostra una aproximació multidisciplinària de les ciències socials al fenomen de l'esport. És una reflexió sobre la dimensió social de l'esport, des dels efectes que aquest produeix en les formes de vida humana: integració, socialització o violència. S'analitza també el paper de l'esport com a instrument d'educació.
000044297 520 3_ $a Working paper showing a multidisciplinary approach of social sciences on sport's phenomenon. It is a reflection on the social dimension of the sport, from the effects that this produce in the forms of human life: integration, socialization or violence. They also analyze the paper of the sport as an education instrument.
000044297 540 __ $9 open access $a Aquest document està subjecte a una llicència d'ús Creative Commons. Es permet la reproducció total o parcial, la distribució, i la comunicació pública de l'obra, sempre que no sigui amb finalitats comercials, i sempre que es reconegui l'autoria de l'obra original. No es permet la creació d'obres derivades. $u https://creativecommons.org/licenses/by-nc-nd/2.5/
000044297 546 __ $a Castellà
000044297 650 __ $a Esports $x Aspectes socials
000044297 650 __ $a Esports $x Ensenyament
000044297 650 __ $a Esports $x Aspectes ètics i morals
000044297 650 __ $a Esports $x Aspectes socials
000044297 650 __ $a Esports $x Ensenyament
000044297 650 __ $a Esports $x Aspectes ètics i morals
000044297 655 _7 $1 http://purl.org/coar/resource_type/c_8042 $2 openaire4 $a Working paper $c literature
000044297 710 1_ $a Centre d'Estudis Olímpics
000044297 762 18 $t Centre d'Estudis Olímpics. Olimpisme i Esport: working papers del CEO-UAB $w hdl_2072_4072
000044297 830 __ $a Olimpisme i Esport: working papers del CEO-UAB ; $v 60
000044297 856 40 $p 21 $s 83132 $u https://ddd.uab.cat/pub/worpap/1997/hdl_2072_5400/WP060_spa.pdf
000044297 980 __ $a WORPAP $b UAB $b CEOUAB